| 000 | 00846nam a22002177a 4500 | ||
|---|---|---|---|
| 999 |
_c13710 _d13710 |
||
| 003 | AR-CdUCM | ||
| 008 | 190226b ||||| |||| 00| 0 spa d | ||
| 040 |
_aMUNICIPALIDAD PROVINCIAL DEL CUSCO _cBIBLIOTECA MUNICIPAL DEL CUSCO |
||
| 082 |
_a869.44 / _bB85 |
||
| 100 |
_aBrun, Rodolfo _94270 |
||
| 245 |
_aEl extraño martel: _bcuentos / |
||
| 260 |
_aLa Paz-Bolivia : _bCasa municipal de la cultura "Franz Tamayo", _c1981. |
||
| 300 |
_a218 páginas ; _c18 cm. |
||
| 505 | _aContenido: Todos somos responsables -- Cuando el ensueño agoniza -- Alta escuela -- Muñeca diabólica -- Hatío -- Solo con mis remordimientos -- Fracaso ... | ||
| 650 |
_aLiteratura boliviana _94271 |
||
| 650 |
_aCuentos _9217 |
||
| 650 |
_aNarrativa _967 |
||
| 710 |
_aHonorable municipalidad de La Paz _91091 |
||
| 942 |
_2ddc _cLIBROS |
||
| 945 |
_apjha _d2019-04-16 |
||